00585 2200217 4500001002100000005001500021035002000036245007500056250001500131300002900146264003300175336002900208337002000237338002700257082001000284084001600294020002200310600001700332990000900349990000900358INLIS00000000000209420260112114353 a0010-01260000231 aPerpustakaan Misterius /cAzra Naila Hanun,Yusia Yoovita Nurhayati dkk aCetakan II a92 hlm :bilust ;c21 cm aBandung :bDar! Mizan,c2018 2rdacontentaSeni (komik) 2rdamediaaFisik 2rdacarrieraHard Cover a741.5 a741.5 AZR p a978-602-420-636-9 4aSeni (komik) a6346 a6346